NFL week 13 Touchdown scorers - Statistics

General Stats
  • This quiz has been taken 20 times
  • The average score is 43 of 71
Answer Stats
Team, Position, TDs Player % Correct
DET, WR, 1 Jameson Williams
94%
DAL, RB, 1 Javonte Williams
94%
NE, WR, 1 Kyle Williams
94%
LAR, RB, 1 Kyren Williams
94%
PHI, WR, 2 A.J. Brown
88%
BAL, RB, 1 Derrick Henry
88%
LAR, WR, 2 Devante Adams
88%
KC, WR, 1 Hollywood Brown
88%
KC, TE, 1 Travis Kelce
88%
ATL, RB, 1 Bijan Robinson
81%
SF, QB, 1 Brock Purdy
81%
DAL, WR, 1 CeeDee Lamb
81%
DET, RB, 1 David Montgomery
81%
BUF, QB, 1 Josh Allen
81%
NYJ, RB, 1 Breece Hall
75%
SF, RB, 1 Christian McCaffrey
75%
GB, WR, 1 Christian Watson
75%
CHI, TE, 1 Cole Kmet
75%
DEN, WR, 1 Courtland Sutton
75%
CHI, RB, 1 D'Andre Swift
75%
PIT, RB, 1 Jaylen Warren
75%
KC, WR, 2 Rashee Rice
75%
ARI, TE, 1 Trey McBride
75%
IND, TE, 1 Tyler Warren
75%
LVR, TE, 2 Brock Bowers
69%
NO, WR, 1 Chris Olave
69%
CAR, RB, 1 Chuba Hubbard
69%
MIA, RB, 1 De'Von Achane
69%
CLE, TE, 1 Harold Fannin Jr.
69%
SF, WR, 1 Juan Jennings
69%
HOU, WR, 1 Nico Collins
69%
DEN, RB, 2 RJ Harvey
69%
IND, WR, 1 Alec Pierce
63%
TB, RB, 1 Bucky Irving
63%
JAX, WR, 1 Jakobi Meyers
63%
BUF, WR, 1 Keon Coleman
63%
LAC, WR, 1 Ladd McConkey
63%
HOU, RB, 1 Nick Chubb
63%
WAS, WR, 1 Terry Mclaurin
63%
CAR, WR, 1 Tetairoa McMillan
63%
NYJ, WR, 1 Adonai Mitchell
56%
LAR, RB, 1 Blake Corum
56%
NYG, RB, 1 Devin Singletary
56%
BAL, RB, 1 Keaton Mitchell
56%
DAL, RB, 1 Malik Davis
56%
TB, OT, 1 Tristin Wirfs
56%
NYJ, QB, 1 Tyrod Taylor
56%
SEA, RB, 1 Zach Charbonnet
56%
JAX, TE, 1 Brenton Strange
50%
GB, WR, 2 Dontayvion Wicks
50%
SEA, LB, 1 Ernest Jones IV
50%
CHI, RB, 1 Kyle Monangai
50%
NE, DB, 1 Marcus Jones
50%
LAC, WR, 1 Quentin Johnston
50%
ATL, RB, 1 Tyler Allgeier
50%
CIN, WR, 1 Andrei Iosivas
44%
ARI, RB, 1 Bam Knight
44%
JAX, RB, 1 Bhayshul Tuten
44%
NYG, WR, 1 Darius Slayton
44%
DET, WR, 1 Issac TeSlaa
44%
NE, WR, 1 Kayshon Boutte
44%
CAR, WR, 1 Jalen Coker
38%
LAC, RB, 1 Kimani Vidal
38%
CAR, DB, 1 Mike Jackson
38%
WAS, RB, 1 Chris Rodriguez Jr.
31%
CIN, TE, 1 Tanner Hudson
19%
NO, WR, 1 Devaughn Vele
13%
WAS, WR, 1 Treylon Burks
13%
BUF, DB, 1 Christian Benford
0%
ATL, WR, 1 David Sills V
0%
LAC, RB, 1 Jaret Patterson
0%
No matching quizzes found
Score Distribution
Percent of People with Each Score
Percentile by Number Answered
Your Score History
You have not taken this quiz